000 00181 a2200097 4500
020 _a1564921018
041 _aspa
100 _aKohen, Clarita
245 _aEl agua y tu
942 _cBK
999 _c31919
_d31917